| Tag |
First Indicator |
Second Indicator |
Subfields |
| LEADER |
00000cam a2200000 a 4500 |
| 001 |
in00001314621 |
| 005 |
20151005070422.0 |
| 008 |
930301s1993 nyub b 001 0 eng |
| 010 |
|
|
|a 93003385
|
| 020 |
|
|
|a 0809015595 :
|c $10.95
|
| 035 |
|
|
|a (OCoLC)27814098
|
| 035 |
|
|
|9 AHC1190AM
|
| 040 |
|
|
|a DLC
|c DLC
|d TXA
|d UtOrBLW
|
| 043 |
|
|
|a n-us---
|
| 049 |
|
|
|a TXAM
|
| 050 |
0 |
0 |
|a E184.M5
|b M456 1993
|
| 082 |
0 |
0 |
|a 973/.046872
|2 20
|
| 100 |
1 |
|
|a Meier, Matt S.
|
| 245 |
1 |
0 |
|a Mexican Americans, American Mexicans :
|b from Conquistadors to Chicanos /
|c Matt S. Meier and Feliciano Ribera.
|
| 246 |
3 |
|
|a Chicanos
|
| 250 |
|
|
|a Rev. ed.
|
| 264 |
|
1 |
|a New York :
|b Hill and Wang,
|c 1993.
|
| 300 |
|
|
|a 305 pages :
|b maps ;
|c 21 cm.
|
| 336 |
|
|
|a text
|b txt
|2 rdacontent
|
| 337 |
|
|
|a unmediated
|b n
|2 rdamedia
|
| 338 |
|
|
|a volume
|b nc
|2 rdacarrier
|
| 490 |
1 |
|
|a American century series
|
| 500 |
|
|
|a Revised edition of: The Chicanos. 1972.
|
| 504 |
|
|
|a Includes bibliographical references (pages [287]-293) and index.
|
| 650 |
|
0 |
|a Mexican Americans
|x History.
|
| 700 |
1 |
|
|a Ribera, Feliciano.
|
| 700 |
1 |
|
|a Meier, Matt S.
|t Chicanos.
|
| 830 |
|
0 |
|a American century series.
|
| 999 |
|
|
|a MARS
|
| 999 |
f |
f |
|s 05013607-8c9d-32a8-afc4-d2763a7a947b
|i 03d3888f-53de-3446-9652-0e98b6a2304f
|t 0
|
| 952 |
f |
f |
|p normal
|a Texas A&M University
|b College Station
|c Sterling C. Evans Library
|s Evans stk
|d Evans: Library Stacks
|t 0
|e E184.M5 M456 1993
|h Library of Congress classification
|i unmediated -- volume
|m A14820318111
|
| 998 |
f |
f |
|a E184.M5 M456 1993
|t 0
|l Evans: Library Stacks
|